000 00654nam a2200253Ia 4500
003 GCL
008 140319s9999 xx 000 0 eng d
040 _aGCL /
_cGCL
082 0 4 _a759.962
_bH F
100 1 _aSINIOCALCO, CARMINE
245 1 0 _aFAROUK HOSNY /
_cSINIOCALCO, CARMINE
700 1 _aHOSNI, FAROUK
260 _a[S.N] :
_bDAR AL-MOSTAQBAL AL-ARABI ،
_c1995
300 _a92 P
650 0 4 _aدلالة المنطوق
650 0 4 _aكليبر
650 0 4 _aالموسيقى الغربية
650 0 4 _aARTS
650 0 4 _aPAINTING
650 0 4 _aPAINTERS
650 0 4 _aART, EGYPTIAN
650 0 4 _aFAROUK HOSNY
942 _2ddc
_cBK
999 _c19749
_d19749